000 01217cam a2200289 i 4500
001 4115
005 20240607155706.0
020 _a0525447105
040 _aDLC
_beng
_erda
_cDLC
_dDLC
050 0 0 _aPZ7.M64
082 0 0 _a823.912
100 1 _aMilne, A. A.
_q(Alan Alexander),
_d1882-1956,
_eauthor
245 1 0 _aKanga and Baby Roo Come to the Forest /
_cby A.A. Milne with decorations by Ernest H. Shepard
260 _aNew York :
_bDutton Children's Books ;
_c1990
300 _a28 unnumbered pages :
_bcolor illusustrations ;
_c16 cm .
490 _a The Original Pooh Treasury
_vBook 5
505 0 _aM
520 _aKanga and Baby Roo are the newest inhabitants of the Hundred Acre Wood, and Rabbit isn't sure he likes it. His plan to capture Baby Roo should set things right, if Piglet can bravely play his part, but it is hard to be brave when you are a very small animal ...
521 _a530
_bLesxile estimate
521 _aM
_bRaz-Plus
650 0 _aToys
_vFiction.
650 0 _aAnimals
_vFiction.
650 1 _aToys
_vFiction.
700 1 _aShepard, Ernest H.
_q(Ernest Howard),
_d1879-1976,
_eillustrator.
906 _a7
_bcbc
_corigres
_d2
_encip
_f20
_gy-gencatlg
942 _2lcc
_cBK
_n0
999 _c4115
_d4115